000 00466nam a2200181 a 4500
999 _c490
_d490
005 20200506124654.0
008 140220b1980 ck ||||| |||| 00| 0 spa d
040 _aCO-BoIAVH
_cCO-BoIAVH
041 _aspa
044 _ack
090 _aLB
_b00471
100 _aSarmiento Peña, José Vicente
_97951
245 _aParque Nacional Tayrona y el turismo
260 _aBogotá
_bINDERENA
_c1980?
300 _a9 p.
650 _aEcoturísmo
_9102812
942 _cFolleto
_2z